Twarze prezydentów USA - nagła śmierć #1 - Statystyki

Ogólne statystyki
  • Ten quiz został rozwiązany 57 razy
  • Średni wynik to 10 z 20
Answers on the Grid
Answers color-coded by a green-red scale on the quiz's grid according to % correct below.
 
Statystyki odpowiedzi
Odpowiedź % Poprawnych
Abraham Lincoln
86%
Jimmy Carter
83%
Richard Nixon
75%
Bill Clinton
75%
John F. Kennedy
72%
Ronald Reagan
64%
Harry Truman
64%
Lyndon B. Johnson
58%
George Washington
56%
Dwight Eisenhower
50%
Franklin D. Roosevelt
47%
Gerald Ford
44%
Thomas Jefferson
42%
Ulysses S. Grant
36%
Woodrow Wilson
33%
William McKinley
28%
Herbert Hoover
28%
James Buchanan
22%
Martin Van Buren
22%
Calvin Coolidge
14%
Nie znaleziono quizów pasujących do podanych kryteriów
Rozkład punktacji
Procent ludzi z każdym wynikiem
Percentyl według liczby udzielonych odpowiedzi
Twoja historia wyników
Nie rozwiązałeś tego quizu